000 00486nam a2200181Ia 4500
003 GCL
008 140319s9999 xx 000 0 eng d
040 _aGCL /
_cGCL
082 0 4 _a843
_bJ H
100 1 _aDUMAS, JEAN-LOUIS
245 1 0 _aHISTOIRE DE LA PENSEE: PHILOSOPHIES ET PHILOSOPHES /
_cDUMAS, JEAN-LOUIS
260 _a[S.N] :
_bTALLANDIER ،
_c1993
300 _a512 P
490 _aLE LIVRE DE POCHE
_v0
650 0 4 _aPHILOSOPHY
650 0 4 _aPHILOSOPHERS
942 _2ddc
_cBK
999 _c23211
_d23211